00568nam a2200193 4500003001100000005001700011008004100028020001500069040003900084041000800123082001300131245004300144260004600187490001800233650001400251942000700265952008700272999001500359LK-CoMWRAF20230902070938.0230902b1995 |||||||| |||| 00| 0 eng d a0706990536 aLK-CoMWRAFdLK-CoMWRAFeLK-CoMWRAF aeng a370bPAT aPathways :bMy book of moral Education aNew Delhi :bVikas publishing housec1995 aA Better me 8 aEducation cBK 00104070aMAINbMAINd2023-09-02l0o370 PATpRAF339r2023-09-02w2023-09-02yBK c3363d3363